Symboles des Drapeaux du Monde - Statistiques

Statistiques générales
  • Ce quiz a été pris 197 fois
    160 depuis la dernière actualisation
  • Le résultat moyen est 59 sur 80
Statistiques - réponses
Par images Réponse % Correct
Canada
96%
Israel
95%
Chypre
93%
Albanie
92%
Argentine
92%
Bresil
92%
Corée du Sud
92%
Equateur
92%
Serbie
92%
Slovaquie
90%
Bhoutan
89%
Cambodge
89%
Liban
89%
Espagne
88%
Irak
87%
Croatie
86%
Kosovo
86%
Chine
85%
Kenya
85%
Paraguay
85%
Portugal
84%
Ethiopie
83%
Vatican
83%
Arabie saoudite
82%
Australie
82%
Honduras
82%
Nicaragua
82%
Barbade
81%
Bielorussie
81%
Maroc
81%
États-Unis
80%
Kazakhstan
80%
Afghanistan
79%
Salvador
79%
Slovenie
79%
Uruguay
79%
Lesotho
77%
Inde
76%
Liechtenstein
75%
Eswatini
74%
Angola
73%
Corée du Nord
73%
Papouasie-Nouvelle-Guinée
73%
Republique Dominicaine
73%
Andorre
72%
Belize
72%
Kirghizistan
72%
Mexique
72%
Turkménistan
72%
Ouganda
71%
Iran
67%
Kiribati
67%
Mongolie
67%
Nepal
67%
Taiwan
67%
Dominique
66%
Fidji
66%
Haiti
66%
Mozambique
66%
Sri Lanka
66%
Saint-Vincent-et-les-Grenadines
65%
Moldavie
64%
Saint-Marin
64%
Antigua-et-Barbuda
63%
Georgie
63%
Nouvelle Zelande
61%
Malte
59%
Grenade
58%
Tadjikistan
57%
Bolivie
56%
Egypte
56%
Guatemala
56%
Montenegro
53%
Guinée equatoriale
49%
Zambie
49%
Philippines
48%
Erythree
45%
Brunei
40%
Zimbabwe
39%
Oman
36%
Aucun quiz correspondant
Distribution des résultats
% des personnes avec chaque résultat
Percentile par nombre de réponses
Votre historique - résultats
Vous n’avez pas pris ce quiz depuis la dernière actualisation